Biblioteca

Família : Teología e alternativas clínicas : (Registro nro. 32546)

Detalles MARC
000 -LÍDER
Campo fijo de descripción fija 01524aam a2200313 i 4500
001 - NÚMERO DE CONTROL
Campo de control 768717001
003 - IDENTIFICADOR DEL NÚMERO DE CONTROL
Campo de control CO-MdFUSB
005 - FECHA Y HORA DE LA ULTIMA TRANSACCIÓN
control field 20200115164343.0
008 - ELEMENTOS DE LONGITUD FIJA -- INFORMACIÓN GENERAL
Campo fijo de descripción fija -- Información general 200115t1984 bl ||| |||| 00| 0 por d
020 ## - NÚMERO INTERNACIONAL NORMALIZADO PARA LIBROS
Número Internacional Normalizado del libro [No incluye ISBN]
040 ## - FUENTE DE CATALOGACIÓN
Idioma de catalogación spa.
Agencia de catalogación original CO-MdFUSB
Agencia que realiza la transcripción CO-MdFUSB
Agencia que realiza la modificación CO-MdFUSBC
Convenciones de la descripción rda
041 ## - CÓDIGO DE IDIOMA
Código de idioma para texto/pista de sonido o título separado por
082 04 - NÚMERO DE CLASIFICACIÓN DECIMAL DEWEY
Número de clasificación 23
Número de la edición del Dewey G 173
Clave de autor-Numero de item A872f
100 1# - ASIENTO PRINCIPAL--NOMBRE PERSONAL
Nombre personal Atiencia, Jorge
Término relacionador autor
245 10 - TÍTULO
Título del Material Família : Teología e alternativas clínicas :
Parte restante del título - Subtitulo elementos de psicoprofilaxia pastoral e comunitária. Condicoes e possibilidades da Igreja como Comunidade Terapéutica.
Mención de responsabilidad, etc. / Jorge Atiencia ; Kenneth Mulholland ; traducido por Therezinha F. Privatti
264 #1 - PRODUCCIÓN, PUBLICACIÓN, DISTRIBUCIÓN, MANUFACTURA, Y COPYRIGHT
Lugar de producción, publicación, distribución, manufactura Sao Paulo, Brasil :
Nombre del productor, publicador, distribuidor CPPC,
Fecha de producción, publicación, distribución, manufactura, o copyright [1984]
264 #4 - PRODUCCIÓN, PUBLICACIÓN, DISTRIBUCIÓN, MANUFACTURA, Y COPYRIGHT
Fecha de producción, publicación, distribución, manufactura, o copyright © 1984
300 ## - DESCRIPCIÓN FÍSICA
Extensión 61 Páginas
Dimensiones ; 22 cm
336 ## - TIPO DE CONTENIDO
Término de tipo de contenido texto
Código de tipo de contenido txt
Fuente rdacontent
337 ## - TIPO DE MEDIO
Fuente rdamedia
Nombre del tipo de medio sin mediación
Código del tipo de medio n
338 ## - TIPO DE SOPORTE
Fuente rdacarrier
Nombre del tipo de soporte volumen
Código Tipo de soporte nc
505 ## - NOTA DE CONTENIDO
Nota de contenido con formato preestablecido Una teología para el matrimonio. -- El contexto. -- Naturaleza de la persona humana : su realización y vocación. -- Un matrimonio Bíblico. -- La familia. -- Implicaciones para el ministerio. -- Otros aspectos. -- Corrientes contemporáneas en orientación familiar. -- Valor para una psicología pastoral. -- Algunas corrientes contemporáneas una orientación matrimonial. -- La terapia de pacto.
563 ## - NOTA DE ENCUADERNACIÓN
Nota de encuadernación Rústico
650 14 - ASIENTO SECUNDARIO DE MATERIA - TERMINO TEMÁTICO
Término temático o nombre geográfico como elemento de entrada PSICOTERAPIA FAMILIAR \ CONSEJERIA PASTORAL
700 ## - ASIENTO SECUNDARIO - NOMBRE PERSONAL
9 (RLIN) 2726
Nombre personal Mulholland, Kenneth.
Responsabilidad autor
700 ## - ASIENTO SECUNDARIO - NOMBRE PERSONAL
9 (RLIN) 2727
Nombre personal Privatti, Therezinha F.
Responsabilidad traductor
942 ## - TIPO DE MATERIAL (KOHA)
Tipo de Item KOHA Libros General
945 ## - INFORMACIÓN LOCAL DEL REGISTRO
Catalogador JTF-925
Existencias
Estado de Material Estado de Perdido Estado de Dañado No para Préstamo Colección Tomo Biblioteca de Origen Biblioteca Permanente Fecha de Adquisición Total de Préstamos Signatura Topográfica Código de Barras Última vez visto Última vez Préstado Ejemplar/Existencia Fecha de Remplazo Tipo de Material Forma de Clasificación
        Colección General   Biblioteca FUSBC Biblioteca FUSBC 11/10/2004 1 G 173 A872f 630 12/12/2019 24/10/2016 1 26/01/2016 Libros General  
        Colección General   Biblioteca FUSBC Biblioteca FUSBC 11/10/2004   G 173 A872f 631 12/12/2019   2 26/01/2016 Libros General Dewey Decimal Classification

Biblioteca FUSBC | Teléfono: (57+4) 349 88 10 Ext. 141| WhatsApp (+57) 3005338115 
E-mail: biblioteca@unisbc.edu.co | Calle 76 87-14 Robledo Palenque, Medellín, Colombia

Con tecnología Koha